[Event "ODJM C 2018"]
[Site "Willingen GER"]
[Date "2018.05.21"]
[Round "3"]
[White "Grimm, Nicola Marie"]
[Black "Muhina, Liana"]
[Result "1-0"]
[Termination "normal"]
[Board "1"]
[WhiteElo "1439"]
[BlackElo "1203"]
[WhiteClock "00:30:06"]
[BlackClock "00:29:09"]
[PlyCount "51"]
[WhiteFideId "12988987"]
[BlackFideId "16266145"]
[EventCountry "GER"]
[EventRounds "9"]
[EventType "swiss"]
[EventDate "2018.05.19"]

1. d4 {[%clk 1:30:58]} 1... d5 {[%clk 1:30:49]} 2. Bf4 {[%clk 1:31:17]} 2...
Nf6 {[%clk 1:30:42]} 3. Nf3 {[%clk 1:31:32]} 3... Bf5 {[%clk 1:30:35]} 4. e3 {
[%clk 1:31:39]} 4... e6 {[%clk 1:29:47]} 5. c3 {[%clk 1:29:18]} 5... Be7 {
[%clk 1:27:40]} 6. Bd3 {[%clk 1:28:51]} 6... Bg4 {[%clk 1:26:01]} 7. Nbd2 {
[%clk 1:28:26]} 7... Nc6 {[%clk 1:23:17]} 8. Qc2 {[%clk 1:27:06]} 8... Bd6 {
[%clk 1:19:31]} 9. Bg3 {[%clk 1:25:50]} 9... Qd7 {[%clk 1:16:00]} 10. Bxd6 {
[%clk 1:22:30]} 10... Qxd6 {[%clk 1:15:56]} 11. a3 {[%clk 1:19:37]} 11... O-O {
[%clk 1:12:36]} 12. O-O {[%clk 1:18:50]} 12... Rfe8 {[%clk 1:11:11]} 13. c4 {
[%clk 1:11:26]} 13... e5 {[%clk 1:07:36]} 14. cxd5 {[%clk 1:00:32]} 14... Qxd5
{[%clk 1:06:16]} 15. Bc4 {[%clk 0:57:18]} 15... Qd6 {[%clk 1:00:28]} 16. Ng5 {
[%clk 0:54:23]} 16... Bh5 {[%clk 0:53:50]} 17. Nge4 {[%clk 0:44:19]} 17... Qd8
{[%clk 0:47:38]} 18. Nxf6+ {[%clk 0:41:33]} 18... Qxf6 {[%clk 0:47:31]} 19. Ne4
{[%clk 0:40:00]} 19... Qh4 {[%clk 0:45:17]} 20. dxe5 {[%clk 0:37:47]} 20...
Rxe5 {[%clk 0:44:07]} 21. Ng3 {[%clk 0:37:06]} 21... Rae8 {[%clk 0:39:00]} 22.
Rac1 {[%clk 0:36:30]} 22... Bg6 {[%clk 0:34:00]} 23. Qa4 {[%clk 0:36:07]} 23...
h5 {[%clk 0:32:59]} 24. Bxf7+ {[%clk 0:31:33]} 24... Bxf7 {[%clk 0:31:40]} 25.
Qxh4 {[%clk 0:31:46]} 25... g5 {[%clk 0:29:09]} 26. Qa4 {[%clk 0:30:06]} 1-0

[Event "ODJM C 2018"]
[Site "Willingen GER"]
[Date "2018.05.21"]
[Round "3"]
[White "Altgelt, Helene"]
[Black "Scharf, Christian"]
[Result "1/2-1/2"]
[Termination "normal"]
[Board "3"]
[WhiteElo "1199"]
[BlackElo "1246"]
[WhiteClock "00:33:23"]
[BlackClock "00:20:53"]
[PlyCount "48"]
[WhiteFideId "16232020"]
[BlackFideId "16266110"]
[EventCountry "GER"]
[EventRounds "9"]
[EventType "swiss"]
[EventDate "2018.05.19"]

1. e4 e5 2. Nf3 Nc6 3. d4 exd4 4. Nxd4 Nf6 5. Nc3 Bb4 6. Nxc6 bxc6 7. Bd3 d6 8.
O-O O-O 9. Bg5 Re8 10. Qf3 Re6 11. Bc4 Re5 12. Bxf6 Qxf6 13. Qxf6 gxf6 14. Rfe1
Bb7 15. Re3 Bxc3 16. bxc3 Rc5 17. Rb1 Bc8 18. Bb3 Bb7 19. Bxf7+ Kxf7 20. Rxb7
Re8 21. Rxc7+ Re7 22. Rxe7+ Kxe7 23. f4 Kf7 24. Kf2 Ra5 1/2-1/2

[Event "ODJM C 2018"]
[Site "Willingen GER"]
[Date "2018.05.21"]
[Round "3"]
[White "Wellßow, Keoki"]
[Black "Keck, Johannes"]
[Result "1-0"]
[Termination "normal"]
[Board "4"]
[WhiteElo "1490"]
[BlackElo "1147"]
[WhiteClock "00:12:27"]
[BlackClock "00:33:14"]
[PlyCount "61"]
[WhiteFideId "16251075"]
[BlackFideId "16258746"]
[EventCountry "GER"]
[EventRounds "9"]
[EventType "swiss"]
[EventDate "2018.05.19"]

1. Nf3 {[%clk 1:29:41]} 1... d5 {[%clk 1:30:40]} 2. d4 {[%clk 1:29:35]} 2...
Nf6 {[%clk 1:30:10]} 3. Bf4 {[%clk 1:29:42]} 3... Bf5 {[%clk 1:27:26]} 4. e3 {
[%clk 1:28:48]} 4... e6 {[%clk 1:27:39]} 5. a3 {[%clk 1:27:53]} 5... a6 { [%clk
1:26:07]} 6. c4 {[%clk 1:25:20]} 6... c6 {[%clk 1:20:07]} 7. Nbd2 { [%clk
1:20:02]} 7... Nbd7 {[%clk 1:16:42]} 8. b4 {[%clk 1:12:07]} 8... b5 { [%clk
1:14:37]} 9. cxd5 {[%clk 1:07:38]} 9... cxd5 {[%clk 1:14:45]} 10. Rc1 { [%clk
1:07:18]} 10... Ne4 {[%clk 1:12:58]} 11. Nxe4 {[%clk 1:02:09]} 11... Bxe4
{[%clk 1:08:50]} 12. Bc7 {[%clk 0:55:48]} 12... Qf6 {[%clk 1:06:27]} 13. Be2 {
[%clk 0:54:12]} 13... Be7 {[%clk 1:04:55]} 14. O-O {[%clk 0:50:55]} 14... O-O {
[%clk 1:02:30]} 15. Ba5 {[%clk 0:48:35]} 15... Rfc8 {[%clk 0:53:47]} 16. a4 {
[%clk 0:47:01]} 16... bxa4 {[%clk 0:43:05]} 17. Qxa4 {[%clk 0:45:23]} 17... Nf8
{[%clk 0:41:14]} 18. Rc6 {[%clk 0:37:12]} 18... Rxc6 {[%clk 0:38:18]} 19. Qxc6
{[%clk 0:36:54]} 19... Rb8 {[%clk 0:38:09]} 20. Qxa6 {[%clk 0:31:25]} 20...
Bxb4 {[%clk 0:38:05]} 21. Bc7 {[%clk 0:30:10]} 21... Re8 {[%clk 0:37:43]} 22.
Bb5 {[%clk 0:26:38]} 22... Re7 {[%clk 0:37:44]} 23. Bd8 {[%clk 0:24:53]} 23...
Bxf3 {[%clk 0:36:27]} 24. gxf3 {[%clk 0:16:28]} 24... Qxf3 {[%clk 0:36:25]} 25.
Be2 {[%clk 0:15:30]} 25... Qf6 {[%clk 0:35:38]} 26. Bxe7 {[%clk 0:14:40]} 26...
Qg6+ {[%clk 0:34:13]} 27. Kh1 {[%clk 0:14:20]} 27... Qe4+ {[%clk 0:34:23]} 28.
f3 {[%clk 0:14:22]} 28... Qxe3 {[%clk 0:34:23]} 29. Bxb4 {[%clk 0:14:03]} 29...
Qxd4 {[%clk 0:33:40]} 30. Qb5 {[%clk 0:12:55]} 30... Qf6 {[%clk 0:33:14]} 31.
Qb8 {[%clk 0:12:27]} 1-0

[Event "ODJM C 2018"]
[Site "Willingen GER"]
[Date "2018.05.21"]
[Round "3"]
[White "Feil, Alexander"]
[Black "Heß, Wadim"]
[Result "1/2-1/2"]
[Termination "normal"]
[Board "5"]
[WhiteElo "1361"]
[BlackElo "1235"]
[WhiteClock "00:55:16"]
[BlackClock "01:17:29"]
[PlyCount "67"]
[WhiteFideId "4002954"]
[BlackFideId "16266129"]
[EventCountry "GER"]
[EventRounds "9"]
[EventType "swiss"]
[EventDate "2018.05.19"]

1. e4 {[%clk 1:30:58]} 1... d5 {[%clk 1:30:49]} 2. exd5 {[%clk 1:31:23]} 2...
Qxd5 {[%clk 1:31:15]} 3. Nc3 {[%clk 1:31:50]} 3... Qd6 {[%clk 1:31:33]} 4. d4 {
[%clk 1:31:30]} 4... Nc6 {[%clk 1:31:40]} 5. d5 {[%clk 1:30:14]} 5... Ne5 {
[%clk 1:30:17]} 6. Bb5+ {[%clk 1:22:38]} 6... c6 {[%clk 1:28:00]} 7. dxc6 {
[%clk 1:22:54]} 7... Qxd1+ {[%clk 1:28:26]} 8. Nxd1 {[%clk 1:23:12]} 8... Nxc6
{[%clk 1:28:46]} 9. Bf4 {[%clk 1:23:14]} 9... Nf6 {[%clk 1:28:18]} 10. Nf3 {
[%clk 1:21:59]} 10... a6 {[%clk 1:28:26]} 11. Bxc6+ {[%clk 1:16:44]} 11... bxc6
{[%clk 1:27:22]} 12. Ne5 {[%clk 1:16:15]} 12... Bb7 {[%clk 1:26:23]} 13. Nc3 {
[%clk 1:15:27]} 13... e6 {[%clk 1:25:56]} 14. O-O-O {[%clk 1:15:15]} 14... Bc5
{[%clk 1:24:25]} 15. f3 {[%clk 1:13:52]} 15... Nd5 {[%clk 1:23:36]} 16. Nxd5 {
[%clk 1:06:55]} 16... cxd5 {[%clk 1:23:51]} 17. Rd3 {[%clk 1:04:20]} 17... f6 {
[%clk 1:23:43]} 18. Ng4 {[%clk 1:04:33]} 18... O-O {[%clk 1:23:12]} 19. Rc3 {
[%clk 1:03:17]} 19... Rac8 {[%clk 1:21:07]} 20. Rxc5 {[%clk 1:01:06]} 20...
Rxc5 {[%clk 1:20:42]} 21. Bd6 {[%clk 1:01:31]} 21... Rfc8 {[%clk 1:21:04]} 22.
Bxc5 {[%clk 1:01:48]} 22... Rxc5 {[%clk 1:21:25]} 23. Rd1 {[%clk 0:59:46]}
23... e5 {[%clk 1:20:00]} 24. Rd3 {[%clk 0:59:03]} 24... h5 {[%clk 1:19:33]}
25. Nf2 {[%clk 0:58:08]} 25... e4 {[%clk 1:18:59]} 26. fxe4 {[%clk 0:58:25]}
26... dxe4 {[%clk 1:19:18]} 27. Rd8+ {[%clk 0:54:57]} 27... Kh7 {[%clk 1:19:38]
} 28. Re8 {[%clk 0:55:12]} 28... Re5 {[%clk 1:18:25]} 29. Rxe5 {[%clk 0:55:18]}
29... fxe5 {[%clk 1:18:50]} 30. Kd2 {[%clk 0:55:42]} 30... Kg6 {[%clk 1:19:07]}
31. Ke3 {[%clk 0:56:05]} 31... Kf5 {[%clk 1:19:14]} 32. h3 {[%clk 0:56:17]}
32... h4 {[%clk 1:19:08]} 33. c4 {[%clk 0:55:54]} 33... Bc6 {[%clk 1:17:29]}
34. b3 {[%clk 0:55:16]} 1/2-1/2

[Event "ODJM C 2018"]
[Site "Willingen GER"]
[Date "2018.05.21"]
[Round "3"]
[White "Noever, Jonas"]
[Black "Hoffmann, Alexander"]
[Result "1-0"]
[Termination "normal"]
[Board "6"]
[WhiteElo "1204"]
[BlackElo "1059"]
[WhiteClock "01:09:17"]
[BlackClock "00:21:01"]
[PlyCount "99"]
[WhiteFideId "16266137"]
[BlackFideId "16240219"]
[EventCountry "GER"]
[EventRounds "9"]
[EventType "swiss"]
[EventDate "2018.05.19"]

1. e4 {[%clk 1:30:56]} 1... e5 {[%clk 1:30:56]} 2. Nf3 {[%clk 1:31:14]} 2...
Nc6 {[%clk 1:31:18]} 3. d4 {[%clk 1:31:24]} 3... exd4 {[%clk 1:31:27]} 4. Nxd4
{[%clk 1:31:49]} 4... Nf6 {[%clk 1:31:39]} 5. Nxc6 {[%clk 1:31:53]} 5... bxc6 {
[%clk 1:31:59]} 6. Nc3 {[%clk 1:31:48]} 6... Bb4 {[%clk 1:31:50]} 7. Bd3 {
[%clk 1:30:13]} 7... h6 {[%clk 1:31:00]} 8. Bf4 {[%clk 1:29:33]} 8... d6 {
[%clk 1:28:07]} 9. h3 {[%clk 1:29:11]} 9... O-O {[%clk 1:27:03]} 10. O-O {
[%clk 1:29:29]} 10... Re8 {[%clk 1:25:12]} 11. Re1 {[%clk 1:28:53]} 11... Nh7 {
[%clk 1:22:00]} 12. e5 {[%clk 1:23:55]} 12... Be6 {[%clk 1:13:20]} 13. Bxh7+ {
[%clk 1:22:08]} 13... Kxh7 {[%clk 1:12:47]} 14. Qd3+ {[%clk 1:19:07]} 14... Kh8
{[%clk 1:10:53]} 15. a3 {[%clk 1:19:22]} 15... Bxc3 {[%clk 1:09:15]} 16. Qxc3 {
[%clk 1:19:21]} 16... Bd5 {[%clk 1:02:49]} 17. exd6 {[%clk 1:18:29]} 17...
Rxe1+ {[%clk 1:02:11]} 18. Rxe1 {[%clk 1:18:48]} 18... cxd6 {[%clk 1:01:38]}
19. Bxh6 {[%clk 1:18:46]} 19... f6 {[%clk 0:56:07]} 20. Bf4 {[%clk 1:18:15]}
20... Qd7 {[%clk 0:49:52]} 21. Qe3 {[%clk 1:16:52]} 21... Qf5 {[%clk 0:46:56]}
22. Re2 {[%clk 1:15:41]} 22... Qg6 {[%clk 0:44:46]} 23. Qg3 {[%clk 1:14:33]}
23... Qxg3 {[%clk 0:44:56]} 24. Bxg3 {[%clk 1:14:57]} 24... Rd8 {[%clk 0:44:57]
} 25. Re7 {[%clk 1:14:51]} 25... a5 {[%clk 0:43:33]} 26. Ra7 {[%clk 1:14:36]}
26... Be4 {[%clk 0:43:43]} 27. c3 {[%clk 1:14:50]} 27... Rb8 {[%clk 0:42:57]}
28. Rxa5 {[%clk 1:14:27]} 28... Rxb2 {[%clk 0:42:59]} 29. Bxd6 {[%clk 1:14:33]}
29... Rc2 {[%clk 0:42:18]} 30. Bb4 {[%clk 1:13:01]} 30... Rc1+ {[%clk 0:42:14]}
31. Kh2 {[%clk 1:13:24]} 31... Rf1 {[%clk 0:42:20]} 32. f3 {[%clk 1:13:01]}
32... Bd5 {[%clk 0:42:01]} 33. Rc5 {[%clk 1:12:26]} 33... Rf2 {[%clk 0:41:41]}
34. Kg3 {[%clk 1:12:12]} 34... Ra2 {[%clk 0:41:54]} 35. c4 {[%clk 1:12:22]}
35... Bf7 {[%clk 0:41:12]} 36. Rxc6 {[%clk 1:12:41]} 36... Re2 {[%clk 0:34:08]}
37. c5 {[%clk 1:11:47]} 37... Re8 {[%clk 0:32:38]} 38. Rd6 {[%clk 1:10:41]}
38... Rc8 {[%clk 0:32:37]} 39. a4 {[%clk 1:10:30]} 39... Ra8 {[%clk 0:32:02]}
40. a5 {[%clk 1:10:19]} 40... Rb8 {[%clk 0:32:25]} 41. Rb6 {[%clk 1:09:57]}
41... Ra8 {[%clk 0:31:03]} 42. c6 {[%clk 1:09:00]} 42... Rc8 {[%clk 0:28:55]}
43. Bd6 {[%clk 1:09:05]} 43... Bd5 {[%clk 0:23:46]} 44. c7 {[%clk 1:09:02]}
44... Bc4 {[%clk 0:21:44]} 45. a6 {[%clk 1:08:21]} 45... Bxa6 {[%clk 0:19:49]}
46. Rxa6 {[%clk 1:08:39]} 46... Kg8 {[%clk 0:20:13]} 47. Rb6 {[%clk 1:08:48]}
47... Kf7 {[%clk 0:20:17]} 48. Rb8 {[%clk 1:09:02]} 48... Ke6 {[%clk 0:20:33]}
49. Rxc8 {[%clk 1:09:12]} 49... Kxd6 {[%clk 0:21:01]} 50. Rg8 {[%clk 1:09:17]}
1-0

[Event "ODJM C 2018"]
[Site "Willingen GER"]
[Date "2018.05.21"]
[Round "3"]
[White "Bakalarz, Adrian"]
[Black "Sarian, Gaya"]
[Result "1-0"]
[Termination "normal"]
[Board "7"]
[WhiteElo "1206"]
[BlackElo "1143"]
[PlyCount "117"]
[WhiteFideId "12955809"]
[BlackFideId "16266161"]
[EventCountry "GER"]
[EventRounds "9"]
[EventType "swiss"]
[EventDate "2018.05.19"]

1. e4 e5 2. d4 exd4 3. c3 Qe7 4. Bd3 d5 5. Qe2 c6 6. exd5 Qxe2+ 7. Nxe2 cxd5 8.
cxd4 Bb4+ 9. Nbc3 Nf6 10. O-O O-O 11. Bg5 Be6 12. Rfe1 Nc6 13. Bb5 a6 14. Bd3
Rfe8 15. Rad1 Bg4 16. f3 Bh5 17. Nf4 Rxe1+ 18. Rxe1 Nxd4 19. Bxf6 gxf6 20. Nxh5
f5 21. Re5 Bc5 22. Kh1 Nc6 23. Rxd5 b6 24. Rxf5 Kf8 25. Be4 Re8 26. g3 Nd4 27.
Rg5 Ne6 28. Re5 Bd4 29. Rd5 h6 30. Bf5 Bc5 31. Bxe6 Rxe6 32. Ne4 Be3 33. Nhf6
Kg7 34. g4 Bc1 35. Rd8 Rxf6 36. Nxf6 Kxf6 37. Rd6+ Kg5 38. Rxb6 a5 39. a4 Bd2
40. Rb5+ Kf4 41. Kg2 Ke3 42. Rf5 Kd3 43. Rxf7 Kc4 44. f4 Kb3 45. Rb7+ Kxa4 46.
f5 Be3 47. f6 Bc5 48. f7 Bd6 49. h4 Bc5 50. g5 hxg5 51. hxg5 Bf8 52. g6 Bg7 53.
Kf3 Bf8 54. Ke4 Bd6 55. g7 Bf8 56. b3+ Ka3 57. gxf8=Q+ Kb2 58. Qg7+ Ka3 59.
Qa1# 1-0

[Event "ODJM C 2018"]
[Site "Willingen GER"]
[Date "2018.05.21"]
[Round "3"]
[White "Kretschmer, Sven"]
[Black "Werner, Florin"]
[Result "1-0"]
[Termination "normal"]
[Board "8"]
[WhiteElo "1201"]
[BlackElo "1194"]
[PlyCount "81"]
[WhiteFideId "16234650"]
[BlackFideId "16250230"]
[EventCountry "GER"]
[EventRounds "9"]
[EventType "swiss"]
[EventDate "2018.05.19"]

1. e4 e5 2. Nf3 Nc6 3. Bc4 Bc5 4. d3 h6 5. Be3 Bb6 6. O-O d6 7. h3 Be6 8. Bb3
Nf6 9. Nc3 Qd7 10. d4 Rd8 11. d5 Bxh3 12. gxh3 Qxh3 13. Bxb6 axb6 14. dxc6 bxc6
15. Qd3 Ng4 16. Nd1 h5 17. Qc4 Qxf3 18. Qxc6+ Rd7 19. Ba4 Nf6 20. Qc3 Qxe4 21.
Bxd7+ Kxd7 22. Re1 Qg4+ 23. Qg3 Qb4 24. Ne3 g6 25. Qf3 Ke6 26. b3 h4 27. c4 h3
28. Qxf6+ Kxf6 29. Nd5+ Kf5 30. Nxb4 Kf4 31. Re3 g5 32. Nd5+ Kf5 33. Nxc7 g4
34. Kh2 Kg5 35. Nd5 f5 36. Rg1 Ra8 37. a4 f4 38. Rc3 Kh4 39. Nxb6 Rb8 40. a5 e4
41. Rxh3+ 1-0

[Event "ODJM C 2018"]
[Site "Willingen GER"]
[Date "2018.05.21"]
[Round "3"]
[White "Zalomska, Nikola"]
[Black "Kail, Oliver"]
[Result "0-1"]
[Termination "normal"]
[Board "9"]
[WhiteElo "1174"]
[BlackElo "1479"]
[PlyCount "90"]
[WhiteFideId "16241290"]
[BlackFideId "16228820"]
[EventCountry "GER"]
[EventRounds "9"]
[EventType "swiss"]
[EventDate "2018.05.19"]

1. e4 e5 2. Nf3 Nc6 3. Bc4 Bc5 4. d3 Na5 5. Bb3 d6 6. h3 h6 7. O-O Nf6 8. Be3
Bb6 9. c3 Nxb3 10. Qxb3 Be6 11. Qc2 O-O 12. a4 Bxe3 13. fxe3 Re8 14. Nbd2 c6
15. d4 a5 16. dxe5 dxe5 17. Nxe5 Bxh3 18. Nxf7 Kxf7 19. gxh3 Qd6 20. Rf4 g5 21.
Rf3 Kg7 22. Raf1 Rf8 23. Kg2 Qe6 24. Rf5 b6 25. b3 Rac8 26. c4 Rce8 27. Qd3 Rd8
28. Qc2 Qd6 29. R1f2 Nh5 30. Qc3+ Kg8 31. Rxf8+ Rxf8 32. Rxf8+ Kxf8 33. Qh8+
Kf7 34. Qh7+ Ng7 35. Nf1 h5 36. Qh8 Qe5 37. Ng3 Qb2+ 38. Kf3 Qxb3 39. Nxh5 Qd1+
40. Kg2 Qxh5 41. Qxh5+ Nxh5 42. Kf3 Kf6 43. Ke2 Ke5 44. Kf3 Nf6 45. Ke2 Kxe4
0-1

[Event "ODJM C 2018"]
[Site "Willingen GER"]
[Date "2018.05.21"]
[Round "3"]
[White "Herbertz, Daria"]
[Black "Guo, Jacob Tingshen"]
[Result "1/2-1/2"]
[Termination "normal"]
[Board "10"]
[WhiteElo "1394"]
[BlackElo "1108"]
[PlyCount "57"]
[WhiteFideId "16222989"]
[BlackFideId "16245245"]
[EventCountry "GER"]
[EventRounds "9"]
[EventType "swiss"]
[EventDate "2018.05.19"]

1. e4 e5 2. Nf3 Nc6 3. d4 exd4 4. Nxd4 Nf6 5. Nc3 Bb4 6. Nxc6 bxc6 7. Qd4 Bxc3+
8. Qxc3 Qe7 9. f3 Bb7 10. Bd3 d5 11. e5 O-O 12. O-O Nd7 13. Re1 Qc5+ 14. Qxc5
Nxc5 15. Bf5 g6 16. Bh3 Rfe8 17. Bg5 Ne6 18. Bxe6 Rxe6 19. Rac1 Ba6 20. b3 c5
21. c3 Rc8 22. f4 c4 23. b4 c5 24. Red1 Bb7 25. a3 cxb4 26. axb4 Rc7 27. Ra1 a6
28. Ra5 Kf8 29. Kf2 1/2-1/2

[Event "ODJM C 2018"]
[Site "Willingen GER"]
[Date "2018.05.21"]
[Round "3"]
[White "Hernando, Leonard"]
[Black "Glöckl, Simon"]
[Result "0-1"]
[Termination "normal"]
[Board "11"]
[WhiteElo "1107"]
[BlackElo "1321"]
[PlyCount "86"]
[WhiteFideId "16266170"]
[BlackFideId "16266072"]
[EventCountry "GER"]
[EventRounds "9"]
[EventType "swiss"]
[EventDate "2018.05.19"]

1. e4 d6 2. d4 Nf6 3. Nc3 e5 4. dxe5 dxe5 5. Qxd8+ Kxd8 6. Bc4 Be6 7. Bxe6 fxe6
8. Nf3 Bd6 9. Bd2 Ke7 10. O-O-O Nbd7 11. Rhe1 a6 12. Kb1 b5 13. a3 Nb6 14. Re2
Nc4 15. Be1 Rhb8 16. h3 a5 17. Na2 c5 18. Rd3 a4 19. Kc1 b4 20. axb4 cxb4 21.
Nd2 Na5 22. f3 Rc8 23. Kd1 Ra6 24. Nb1 Rb6 25. Bd2 Nc4 26. Kc1 h6 27. h4 Nd7
28. Be3 Rbc6 29. c3 Nxe3 30. Rexe3 b3 31. Rxd6 bxa2 32. Rxc6 Rxc6 33. g4 a1=Q
34. Kc2 Nb6 35. Rd3 Nc4 36. Kc1 Qxb2+ 37. Kd1 Qxb1+ 38. Ke2 Qc2+ 39. Kf1 Qxd3+
40. Ke1 Qe3+ 41. Kf1 Rb6 42. Kg2 Rb2+ 43. Kg3 Qf4+ 0-1

[Event "ODJM C 2018"]
[Site "Willingen GER"]
[Date "2018.05.21"]
[Round "3"]
[White "Conrad, Max"]
[Black "Winkler, Yonathan"]
[Result "1/2-1/2"]
[Termination "normal"]
[Board "12"]
[WhiteElo "1013"]
[BlackElo "1307"]
[PlyCount "61"]
[WhiteFideId "16265572"]
[BlackFideId "16266080"]
[EventCountry "GER"]
[EventRounds "9"]
[EventType "swiss"]
[EventDate "2018.05.19"]

1. d4 d5 2. Bf4 Nf6 3. e3 Bf5 4. Nf3 e6 5. c3 Nbd7 6. Bd3 Bxd3 7. Qxd3 c5 8.
O-O c4 9. Qe2 Be7 10. Nbd2 O-O 11. e4 Re8 12. e5 Nh5 13. Bg3 f6 14. exf6 Bxf6
15. Be5 Bxe5 16. Nxe5 Nf4 17. Qe3 Nxe5 18. dxe5 Ng6 19. Nf3 Qc7 20. Rfe1 Ne7
21. Ng5 Nf5 22. Qh3 Nh6 23. Nxe6 Qb6 24. Nd4 Qxb2 25. Qf3 Rad8 26. e6 Rd6 27.
e7 Rxe7 28. Kf1 Rf6 29. Qxd5+ Kh8 30. Nf3 Rxe1+ 31. Rxe1 1/2-1/2

[Event "ODJM C 2018"]
[Site "Willingen GER"]
[Date "2018.05.21"]
[Round "3"]
[White "Wilmink, Luca"]
[Black "Richter, Gerrit"]
[Result "0-1"]
[Termination "normal"]
[Board "13"]
[WhiteElo "1267"]
[BlackElo "1428"]
[PlyCount "68"]
[WhiteFideId "16245253"]
[BlackFideId "12990825"]
[EventCountry "GER"]
[EventRounds "9"]
[EventType "swiss"]
[EventDate "2018.05.19"]

1. e4 c5 2. Nf3 Nc6 3. d4 cxd4 4. Nxd4 Nf6 5. Nd2 e5 6. N4f3 d5 7. Bd3 Bc5 8.
O-O O-O 9. c4 dxe4 10. Nxe4 Bf5 11. Re1 Bxe4 12. Bxe4 Qxd1 13. Rxd1 Nxe4 14.
Be3 Bxe3 15. fxe3 Rad8 16. b3 Nc3 17. Rf1 Rd3 18. Kf2 Ne4+ 19. Ke2 Rfd8 20. g3
Nc3+ 21. Kf2 Nd1+ 22. Kg1 Nxe3 23. Rfc1 e4 24. Ne1 Rd2 25. Rc3 Ng4 26. Ng2 Rd1+
27. Rxd1 Rxd1+ 28. Ne1 Rxe1+ 29. Kg2 Nd4 30. Kh3 h5 31. c5 e3 32. Rc4 Re2 33.
Kh4 Nf3+ 34. Kxh5 Nf6# 0-1

[Event "ODJM C 2018"]
[Site "Willingen GER"]
[Date "2018.05.21"]
[Round "3"]
[White "Borriss, Benjamin"]
[Black "Schulz, Jonas"]
[Result "1-0"]
[Termination "normal"]
[Board "14"]
[WhiteElo "1272"]
[BlackElo "1078"]
[PlyCount "41"]
[WhiteFideId "16266099"]
[BlackFideId "16245172"]
[EventCountry "GER"]
[EventRounds "9"]
[EventType "swiss"]
[EventDate "2018.05.19"]

1. d4 c6 2. c4 d5 3. e3 Bf5 4. Nf3 Nf6 5. Nc3 e6 6. a3 c5 7. dxc5 Nc6 8. cxd5
Nxd5 9. Nxd5 exd5 10. Nd4 Bxc5 11. Nxf5 O-O 12. b4 Bb6 13. Bb2 f6 14. Bd3 g6
15. Qg4 Qd7 16. Nh6+ Kh8 17. Qxd7 Rad8 18. Nf7+ Kg8 19. Nxd8 Rxd8 20. Qe6+ Kh8
21. Bxf6# 1-0

[Event "ODJM C 2018"]
[Site "Willingen GER"]
[Date "2018.05.21"]
[Round "3"]
[White "Zinnikus, Elias"]
[Black "Schneble, Milan"]
[Result "1-0"]
[Termination "normal"]
[Board "15"]
[WhiteElo "944"]
[BlackElo "1258"]
[PlyCount "120"]
[WhiteFideId "16245024"]
[BlackFideId "16266102"]
[EventCountry "GER"]
[EventRounds "9"]
[EventType "swiss"]
[EventDate "2018.05.19"]

1. Nf3 d5 2. d4 Nf6 3. c4 e6 4. Bg5 Nc6 5. Nc3 Bb4 6. Qc2 h6 7. Bh4 O-O 8. e3
Be7 9. Bd3 dxc4 10. Bxc4 Ne8 11. Bg3 Nd6 12. Be2 Nf5 13. Bf4 Bd6 14. Bxd6 cxd6
15. O-O Re8 16. Rfd1 Qb6 17. Rac1 Bd7 18. a3 Rad8 19. Bd3 Nfe7 20. Be2 Na5 21.
b4 Nac6 22. e4 Rc8 23. d5 Nd8 24. Qd3 exd5 25. exd5 Bf5 26. Qd2 Ng6 27. Bd3 Bg4
28. h3 Bxf3 29. gxf3 Ne5 30. Be4 Nc4 31. Qe2 Re5 32. Kh1 Nxa3 33. Na4 Rxc1 34.
Nxb6 Rxd1+ 35. Qxd1 axb6 36. Qa4 Nc4 37. Qd7 Ne6 38. Qc8+ Nf8 39. Qxc4 f5 40.
Bd3 Re7 41. Bxf5 g6 42. Be4 Rd7 43. Qc8 g5 44. Kh2 Kf7 45. Bf5 Re7 46. Qd8 Re5
47. Bg4 Rxd5 48. Qc7+ Kf6 49. Qxb6 Ne6 50. Qxb7 Rd2 51. Kg3 Rd1 52. Kg2 Nf4+
53. Kh2 d5 54. Qb6+ Ke5 55. Qe3+ Kf6 56. b5 d4 57. Qb3 Rd2 58. Kg1 Ke5 59. b6
Nd3 60. Qb5+ Kf4 1-0

[Event "ODJM C 2018"]
[Site "Willingen GER"]
[Date "2018.05.21"]
[Round "3"]
[White "Haug, Mara"]
[Black "Zobel, Christian Erik"]
[Result "0-1"]
[Termination "normal"]
[Board "16"]
[WhiteElo "938"]
[BlackElo "1240"]
[PlyCount "30"]
[WhiteFideId "16259300"]
[BlackFideId "16259068"]
[EventCountry "GER"]
[EventRounds "9"]
[EventType "swiss"]
[EventDate "2018.05.19"]

1. e4 e5 2. Nf3 Nc6 3. Bc4 Bc5 4. O-O Nf6 5. Nc3 d6 6. h3 Be6 7. d3 Bxc4 8.
dxc4 Qd7 9. Bg5 O-O-O 10. Bxf6 gxf6 11. Nd5 f5 12. exf5 Qxf5 13. Re1 Rhg8 14.
Qd3 Qxh3 15. g3 Rxg3# 0-1

[Event "ODJM C 2018"]
[Site "Willingen GER"]
[Date "2018.05.21"]
[Round "3"]
[White "Shapiro, Danil"]
[Black "Sieber, Cassandra"]
[Result "1-0"]
[Termination "normal"]
[Board "17"]
[WhiteElo "1238"]
[BlackElo "1001"]
[PlyCount "47"]
[WhiteFideId "16260015"]
[BlackFideId "16266218"]
[EventCountry "GER"]
[EventRounds "9"]
[EventType "swiss"]
[EventDate "2018.05.19"]

1. e4 e5 2. Bc4 Nf6 3. d3 Nc6 4. Nc3 d6 5. f4 Bg4 6. Nf3 Nb4 7. O-O d5 8. exd5
Nbxd5 9. Nxd5 Nxd5 10. fxe5 Bc5+ 11. Kh1 Be3 12. Bxd5 Bxc1 13. Bxf7+ Kxf7 14.
Qxc1 Re8 15. Qf4+ Kg8 16. Qxg4 c5 17. Qe4 Re6 18. Qc4 Qb6 19. Ng5 Qxb2 20.
Qxe6+ Kh8 21. Nf7+ Kg8 22. Nh6+ Kh8 23. Qg8+ Rxg8 24. Nf7# 1-0

[Event "ODJM C 2018"]
[Site "Willingen GER"]
[Date "2018.05.21"]
[Round "3"]
[White "Hornstein, Leonhard"]
[Black "Pham, Anh Tuan"]
[Result "0-1"]
[Termination "normal"]
[Board "18"]
[WhiteElo "934"]
[BlackElo "1149"]
[PlyCount "70"]
[WhiteFideId "16254643"]
[BlackFideId "16245229"]
[EventCountry "GER"]
[EventRounds "9"]
[EventType "swiss"]
[EventDate "2018.05.19"]

1. e4 e5 2. Nf3 Nc6 3. Bc4 h6 4. Nc3 Nf6 5. d3 Bb4 6. Bd2 d6 7. O-O Bg4 8. Qe2
Nd4 9. Qd1 O-O 10. a3 Bc5 11. Be3 Nxf3+ 12. gxf3 Bh3 13. Re1 Bxe3 14. Rxe3 c6
15. d4 Qa5 16. d5 Rfd8 17. b4 Qb6 18. Qd2 Qd4 19. Qd3 b5 20. Bb3 c5 21. Qxb5
Rab8 22. Qe2 cxb4 23. axb4 Rdc8 24. Qd3 Rxb4 25. Rd1 Qb6 26. Ne2 Bd7 27. Re1
Bb5 28. Qd2 Bc4 29. Bxc4 Rbxc4 30. Rb3 Qc5 31. c3 Nh5 32. Rc1 g5 33. Rb4 Nf4
34. Rxc4 Nh3+ 35. Kg2 Qxf2+ 0-1